000 00847nam a2200253 ar4500
001 5025
005 20221127091058.0
008 190716s xxua 00110|eng d
020 _a9781118651520(pbk) :
_cSR850.00
082 0 4 _a530
_bC979 2015
100 1 _aCutnell, John D.
245 1 0 _aPhysics /
_cJ. Cutnell, K. Johnson ; with David Young, Shane Stadler.
246 1 _aIntroduction to physics.
250 _a10th edition.
260 _aHoboken, NJ :
_bJohn Wiley,
_c2015.
300 _axvi, 836, [38] pages :
_billustrations(chiefly color) ;
_c28 cm.
500 _aIncludes index.
500 _aCover title: Introduction to physics.
650 4 _aPhysics
_vTextbooks.
650 4 _aPhysics
_vProblems, exercises, etc.
700 0 _aJohnson, Kenneth W.,
_eauthor.
700 0 _aYoung, David,
_eauthor.
700 0 _aStadler, Shane,
_eauthor.
999 _c5023
_d5023